Aerosols in diagnostics, therapy and prophylaxis & cardio-respiratory relations. Abstracts international symposium ... Štrbské Pleso ... May 14-17, 1996 Slovakia

Podrobná bibliografia
Ďalší autori: Salát, Dušan, 1947-2016 (upr), Legáth, Ľubomír, 1958- (upr), Kujaník, Štefan, 1949-2013 (4010), Salátová, Viera (upr)
Médium: Kniha
Jazyk:angličtina
Fyzický popis:64 s. 21 cm
Vydavateľské údaje: Tatranská Polianka Sympos 1996
ISBN:8090097170
Predmet:

MARC

LEADER 00000nam a2200000 a 4500
001 vtls001218784
003 SK-MaSNL
005 20260301234036.0
008 160414s1996 xo r 0 eng
015 |a SNBA1996/0902592 
020 |a 8090097170  |c (100 výt.) 
035 |a SNK000162599 
040 |a SNK  |b slo  |c SNK  |e AACR2 
041 0 |a eng 
044 |a xo  |c SK 
080 |a 615.22/.23(082)=20  |2 1981 
245 1 |a Aerosols in diagnostics, therapy and prophylaxis & cardio-respiratory relations. Abstracts  |b international symposium ... Štrbské Pleso ... May 14-17, 1996 Slovakia  |c edited by: Dušan Salát ... [et al.] 
260 |a Tatranská Polianka  |b Sympos  |c 1996 
300 |a 64 s.  |c 21 cm 
504 |a Reg. 
650 0 7 |a aerosóly  |2 SNK  |9 761 
655 7 |a zbierky  |2 SNK  |9 70533 
700 1 |a Salát, Dušan,  |d 1947-2016  |4 upr  |9 209695 
700 1 |a Legáth, Ľubomír,  |d 1958-  |4 upr  |9 19098 
700 1 |a Kujaník, Štefan,  |d 1949-2013  |4 4010  |9 7429 
700 1 |a Salátová, Viera  |4 upr  |9 8730 
919 |a 80-900971-7-0 
958 |a TL 
958 |a OND 
999 |c 968712  |d 970642 
952 |t P60, <03>, [BOOK], {603}  |a SNK  |b SNK  |y PREZ  |7 0  |p 17A0006466  |o snkSC 90800  |i snkKSP 5484/96  |0 0  |1 0  |4 0  |d 1996-07-11  |f 1  |l 0  |r 2025-09-09 00:00:00  |w 2026-02-24 
952 |t P60, <09>, [BOOK], {629}  |a SNK  |b SNK  |y NEVYP  |7 0  |o snkC 1194  |i snk2256/960715  |0 0  |1 0  |4 0  |d 1996-07-11  |l 0  |r 2005-01-01 00:00:00  |w 2026-02-24 
952 |t P60, <04>, [BOOK], {604}  |a SNK  |b SNK  |y VYP  |7 0  |p 17A0006465  |o snkSC 90800 D1  |i snkKSP 5485/96  |0 0  |1 0  |4 0  |d 1996-07-11  |l 0  |r 2005-01-01 00:00:00  |w 2026-02-24